The new politics of unemployment (Record no. 171428)
[ view plain ]
| 000 -LEADER | |
|---|---|
| fixed length control field | 01481nam a2200361Ia 4500 |
| 082 04 - DEWEY DECIMAL CLASSIFICATION NUMBER | |
| Classification number | 331.13.794 |
| 245 04 - TITLE STATEMENT | |
| Title | The new politics of unemployment |
| 260 ## - PUBLICATION, DISTRIBUTION, ETC. (IMPRINT) | |
| Place of publication | London ; |
| -- | New York : |
| Name of publisher | Routledge, |
| Year of publication | 1997. |
| 300 ## - PHYSICAL DESCRIPTION | |
| Number of Pages | xii, 222 p. : |
| Other physical details | ill. |
| 490 1# - SERIES STATEMENT | |
| Series statement | European political science series |
| 650 #0 - SUBJECT ADDED ENTRY--TOPICAL TERM | |
| Topical Term | Full employment policies |
| Topical Term | Unemployment |
| 700 1# - ADDED ENTRY--PERSONAL NAME | |
| Personal name | Compston, Hugh, |
| 856 40 - ELECTRONIC LOCATION AND ACCESS | |
| Uniform Resource Identifier | http://site.ebrary.com/lib/rucke/Doc?id=10058192 |
No items available.
